| 000 | 01126nam a22003017a 4500 | ||
|---|---|---|---|
| 999 |
_c20277 _d20277 |
||
| 008 | 240513b ||||| |||| 00| 0 eng d | ||
| 020 | _a9710858076 | ||
| 082 |
_aDFil 371.207 _bEd8 1994 |
||
| 100 |
_aArcelo, Adriano. _957084 |
||
| 245 |
_aEducational planning / _cAdriano Arcelo and twelve others. |
||
| 260 |
_aManila : _bNational Book Store, Inc., _c©1994. |
||
| 300 |
_axxvii, 624 pages : _billustrations ; _c25 cm. |
||
| 500 | _aIncludes bibliography. | ||
| 650 |
_aEducational planning _zPhilippines. _957322 |
||
| 700 |
_aArica, Florencio Jr. _eauthor _957085 |
||
| 700 |
_aBacani, Ramon. _eauthor. _957086 |
||
| 700 |
_aCaluag, Aida. _eauthor. _957087 |
||
| 700 |
_aCustodio, Lourdes. _eauthor. _957088 |
||
| 700 |
_aDagot, Edilberto. _eauthor. _957089 |
||
| 700 |
_aFuerte, Virgilio. _eauthor. _957090 |
||
| 700 |
_aJuguilon, Aurelio. _eauthor. _957091 |
||
| 700 |
_aLuayon, Agapito. _eauthor. _957092 |
||
| 700 |
_aMendoza, Edmund. _eauthor. _957093 |
||
| 700 |
_aNavarro, Rosita. _eauthor. _957094 |
||
| 700 |
_aSantos, Felix Jr. _eauthor. _957095 |
||
| 700 |
_aViray, Melvyn. _eauthor. _957096 |
||
| 942 |
_2ddc _cDFIL |
||